000 00277nam a22001097a 4500
008 170117b xxu||||| |||| 00| 0 eng d
020 _a9780781744775
041 _aeng
080 _a618.2
245 _aEVIDENCE-BASED PRACTICE IN NURSING&HEALTHCARE
_cMELNYK, B.M
942 _2udc
_cBK
999 _c3003
_d3003